| 000 | 01156nam a2200205Ia 4500 | ||
|---|---|---|---|
| 003 | Ost | ||
| 005 | 20260507075111.0 | ||
| 008 | 260507s9999||||xx |||||||||||||| ||und|| | ||
| 040 | _cfsecg | ||
| 041 | _aara | ||
| 082 | _a330 | ||
| 100 |
_aالخياط، عبد العزيز _eمؤلف |
||
| 245 | 0 |
_aالشركات في ضوء الاسلام / _c عبد العزيز الخياط |
|
| 260 |
_aالقاهرة: _bدار السلام للطباعة والنشر والتوزيع, _c1989 |
||
| 300 |
_a84 صفحة؛ _c24 سم |
||
| 504 | _aببليوغرافيا:ص.77-82 | ||
| 520 | _aالشركة،أنواع الشركات في الفقه الإسلامي،تعريف بالشركات الحديثة،،أنواع شركات الأموال،الشركات في القانون الإنجليزي والأردني،الرأي الإسلامي في الشركات الحديثة،الرأي الإسلامي في شرمات المساهمة،الرأي الشرعي في الأسهم،الرأي الشرعي في السندات،شخصية الشركات وإدارتها | ||
| 653 | _aالشركات-قوانين وتشريعات | ||
| 942 | _cكتاب | ||
| 999 |
_c42913 _d42913 |
||